Normal view
MARC view
- التانمية الاقتصادية - تمويل
Entry Topical Term
001 - CONTROL NUMBER
- control field: 19783
003 - CONTROL NUMBER IDENTIFIER
- control field: JO-AjAnu
005 - DATE AND TIME OF LATEST TRANSACTION
- control field: 20230606073442.0
008 - FIXED-LENGTH DATA ELEMENTS
- fixed length control field: 230606|| aca||aabn | a|a d
040 ## - CATALOGING SOURCE
- Original cataloging agency: JO-AjAnu
- Transcribing agency: JO-AjAnu
150 ## - HEADING--TOPICAL TERM
- Topical term or geographic name entry element: التانمية الاقتصادية - تمويل
670 ## - SOURCE DATA FOUND
- Source citation: Work cat.: (JO-AjAnu)10157: عبدالعزيز، سمير محمد, author 19782, المداخل الحديثة في تمويل التنمية الاقنصادية